Principles of operations management

Saved in:
Bibliographic Details
Main Author: Heizer, Jay
Format: Book
Language:Undetermined
Published: New Jersey Pearson 2004
Subjects:
Tags: Add Tag
No Tags, Be the first to tag this record!
Institutions: Trung tâm Học liệu Trường Đại học Cần Thơ
LEADER 00548nam a2200193Ia 4500
001 CTU_213023
008 210402s9999 xx 000 0 und d
082 |a 658.5 
082 |b H465 
100 |a Heizer, Jay 
245 0 |a Principles of operations management 
245 0 |c Jay Heizer, Barry Render 
260 |a New Jersey 
260 |b Pearson 
260 |c 2004 
650 |a Production management 
904 |i Hiếu 
910 |a Sách kèm theo đĩa có số: AV.001947 
980 |a Trung tâm Học liệu Trường Đại học Cần Thơ